000 00410nam a2200181Ia 4500
001 4504
005 20260306145801.0
008 260306t1984||||xx |||||||||||||| ||spa||
041 _aESP
082 _a323.44
_bF85
100 _aFromm, Erich
_eAUT
245 0 _aEl miedo a la libertad
260 _c1984
300 _a325 páginas :
_c19 cm.
650 _aGEN
654 _aCHU
942 _cLIB
_dJUS
_fJUS
_2ddc
_n
999 _c4504
_d4504